Office space requirements: comparing occupiers' preferences with agents' perceptions (Record no. 72509)
[ view plain ]
| 000 -LEADER | |
|---|---|
| fixed length control field | 01435cam a2200253 4500 |
| 001 - CONTROL NUMBER | |
| control field | ABS66584 |
| 008 - FIXED-LENGTH DATA ELEMENTS--GENERAL INFORMATION | |
| fixed length control field | 030416n2003 000 0 eng u |
| 035 ## - SYSTEM CONTROL NUMBER | |
| System control number | (Sirsi) u122014 |
| 100 ## - MAIN ENTRY--PERSONAL NAME | |
| Personal name | Leishman, C. |
| 245 ## - TITLE STATEMENT | |
| Title | Office space requirements: comparing occupiers' preferences with agents' perceptions |
| 260 ## - PUBLICATION, DISTRIBUTION, ETC. | |
| Date of publication, distribution, etc. | 2003 |
| 490 ## - SERIES STATEMENT | |
| Series statement | Journal of Property Investment and Finance |
| Volume/sequential designation | 21(1) 2003, 45-60(16) |
| 520 ## - SUMMARY, ETC. | |
| Summary, etc. | This paper reports the results from the first stage of a research project that examines changes in urban office occupiers' space requirements and their impact on the structure of urban office markets. The results discussed are based on two surveys: a detailed survey of office occupiers in two office submarkets in Edinburgh; and a second survey of office agents. This allows agents' perceptions of occupiers' space requirements to be compared with those expressed by respondent occupiers. The results suggest that agents' knowledge of occupier preferences vary across submarkets and that, in particular, they are less well informed about occupiers' preferences in non-traditional submarkets. [Partly taken from journal abstract]. |
| 590 ## - LOCAL NOTE (RLIN) | |
| Local note | ABS |
| 650 ## - SUBJECT ADDED ENTRY--TOPICAL TERM | |
| Topical term or geographic name entry element | SPACE PLANNING |
| 650 ## - SUBJECT ADDED ENTRY--TOPICAL TERM | |
| Topical term or geographic name entry element | OCCUPIERS |
| 650 ## - SUBJECT ADDED ENTRY--TOPICAL TERM | |
| Topical term or geographic name entry element | COMMERCIAL PROPERTY AGENTS |
| 650 ## - SUBJECT ADDED ENTRY--TOPICAL TERM | |
| Topical term or geographic name entry element | OFFICE SPACE |
| 690 ## - LOCAL SUBJECT ADDED ENTRY--TOPICAL TERM (OCLC, RLIN) | |
| Topical term or geographic name as entry element | PROPERTY-COMMERCIAL PROPERTY |
| 700 ## - ADDED ENTRY--PERSONAL NAME | |
| Personal name | Dunse, N. |
| 700 ## - ADDED ENTRY--PERSONAL NAME | |
| Personal name | Warren, F. |
| 700 ## - ADDED ENTRY--PERSONAL NAME | |
| Personal name | Watkins, C. |
| 942 ## - ADDED ENTRY ELEMENTS (KOHA) | |
| Suppress in OPAC | 0 |
| Withdrawn status | Lost status | Source of classification or shelving scheme | Damaged status | Not for loan | Home library | Current library | Shelving location | Date acquired | Total Checkouts | Full call number | Barcode | Date last seen | Copy number | Price effective from | Koha item type |
|---|---|---|---|---|---|---|---|---|---|---|---|---|---|---|---|
| Dewey Decimal Classification | London | London | Journal article | 16/04/2003 | ABS66584 | 122014-1001 | 06/08/2019 | 1 | 06/08/2019 | Journal article |